000
00198 a2200097 4500
001
8391
090
_c
6761
_d
6761
100
_a
Cecil, L D
245
_a
Modern Biography (Transfered to SOA)
260
_b
Nelson
942
_a
NUST-CAE
999
_c
243464
_d
243464